00558nam a2200157Ia 4500001001000000003000500010008004100015010001100056040000900067110003400076245014700110260004000257300001000297650003600307650005700343Para_6890CHAP220125s1984 xx 000 0 und d a205206 cCHAP aUACh. Dirección Académica aResúmenes :b Primera presentación de trabajos de investigación agrícola en el campo experimental /c por UACh Dirección Académica aChapingo, Méx. :b La Universidad a50 p. aAgricultura x investigación  aUniversidades x Chapingo, Méx. x investigación